000 00714cam a22002417a 4500
001 33377
005 20230410132916.0
008 950324s1975 mx b 000 0 spa
035 _a80624
942 _2lcc
_cbk
010 _a 95131193
040 _aDLC
_cDLC
050 1 4 _aB 2948
_bB849h 1975
100 1 _aBriceño, Miguel Angel.
245 1 0 _aHegel y el pensamiento moderno /
_cMiguel Angel Briceño.
250 _a2a ed.
260 _aMéxico :
_bSiglo Veintiuno Editores,
_c1975.
300 _a228 p. :
_bill. ;
_c18 cm.
500 _aTraducción de : Hegel et la pensée moderne.
650 0 _aPhilosophy.
600 1 0 _aHegel, Georg Wilhelm Friedrich,
_d1770-1831.
700 1 _aHondt, Jacques d'.
999 _c89982
_d89982